000 01199nam a2200265Ia 4500
001 23611
003 GE_BSU
008 181216s||||||||xx |||||||||||||| ||und||
020 _a9789941462764
040 _cGE_BSU
080 _a634.6(213)(075.8)+581.5
100 _aნაკაშიძე, ნ., მიქელაძე, ზ., მიელაძე, ა.
245 _aსუბტროპიკულ მცენარეთა ეკოლოგია
245 _bსახელმძღვანელო
245 _cრედ. ვ. ცანავა.
250 _aბათუმის შოთა რუსთაველის სახ-ფო უნ-ტი. აგროეკოლოგიისა და სატყეო საქმის დეპ-ტი.
260 _aბათუმი
260 _bბათუმის შოთა რუსთაველის სახ. უნ-ტი
260 _c2018
300 _a354გვ. 20სმ. ილ.
541 _h17ლ. 06თ.
653 _aსახელმძღვანელო
653 _aსუბტროპიკულ მცენარეთა ეკოლოგია
942 _cBK
999 _c56498
_d56498